| 000 | 01362nam0a2200337 4500 | ||
|---|---|---|---|
| 001 | RU\NLR\BIBL_A\022395982 | ||
| 005 | 20241213113333.0 | ||
| 010 |
_a978-5-00223-174-4 _910000 |
||
| 021 |
_aRU _bКН-П-24-065014 _9КН-П-24-6482 |
||
| 035 | _a(NLR Aleph) 022395982 | ||
| 090 |
_a13333031 _c13333031 |
||
| 100 | _a20241129d2024 u y0rusy50 ca | ||
| 101 | 0 | _arus | |
| 102 | _aRU | ||
| 105 | _aa|||z|||000yy | ||
| 181 | 0 |
_ai3 _baxxe |
|
| 182 | 0 | _an | |
| 200 | 1 |
_aСто лет недосказанности _eквантовая механика для всех в 25 эссе _fАлексей Семихатов |
|
| 203 |
_aТекст _bвизуальный _cнепосредственный |
||
| 210 |
_aМосква _cАльпина нон-фикшн _d2024 |
||
| 215 |
_a371 с. _cил. _d22 |
||
| 300 | _aНа 4-й с. обл. авт.: Алексей Семихатов, д-р физ.-мат. наук, лауреат Нац. премии "Кн. года - 2023" | ||
| 320 | _aДр. кн. авт. на обл. | ||
| 333 | _a12+ | ||
| 606 | 1 |
_aКвантовая механика _2nlr_sh1 _2nlr_sh2 _3RU\NLR\AUTH\663496 |
|
| 686 | 1 | _aВ314 | |
| 700 | 1 |
_aСемихатов _bА. М. _gАлексей Михайлович |
|
| 942 | _cBOOK | ||
| 980 | _aNB | ||